Zoé et Théo à la piscine (Record no. 130)

MARC details
000 -LEADER
Leader 00579nam a2200169 4500
003 - IDENTIFIANT DE NUMÉRO DE CONTRÔLE
champ de contrôle OSt
005 - DATE ET HEURE DE LA DERNIÈRE TRANSACTION
champ de contrôle 20241019175649.0
007 - CHAMP FIXE DE DESCRIPTION PHYSIQUE -- INFORMATIONS GENERALES
Leader ta
008 - Éléments de longueur fixe - Renseignements généraux
Leader 241019b |||||||| |||| 00| 1 fre d
020 ## - NUMERO INTERNATIONAL DU LIVRE (ISBN)
ISBN, numéro international normalisé du livre 9782203154193
040 ## - SOURCE DE CATALOGAGE
Agence transcriptrice autismepaimpol.fr
100 ## - Vedette principale - Nom de personne
Nom de personne Catherine METZMEYER
Forme complète du nom (auteur) - Marc VANENIS (Illustration)
245 ## - TITLE STATEMENT
Titre Zoé et Théo à la piscine
260 ## - Publication, diffusion, etc. (marque d'éditeur)
Nom de l'éditeur, du diffuseur, etc. CASTERMAN
Date de publication, de diffusion, etc. septembre 2001
520 ## - SUMMARY, ETC.
Résumé, etc. Zoé et Théo se rendent à la piscine avec Bruno. Zoé est fière parce qu'elle n'a pas peur de l'eau. Mais qu'elle ne le crie pas trop fort...
942 ## - ADDED ENTRY ELEMENTS (KOHA)
Type de document Koha Livre jeunesse
999 ## -
-- 130
-- 130
Holdings
Statut retiré des collections Statut perdu Source de classification / plan de classement Statut endommagé Exclu du prêt Site de rattachement Site actuel Date d'acquisition Total des prêts Code à barres Vu en dernier Prix effectif de Type de document Koha
    Classification décimale de Dewey     Autisme Paimpol - Matériel Autisme Paimpol - Matériel 19/10/2024   65 19/10/2024 19/10/2024 Livre jeunesse

Powered by Koha